Anglicko-český, česko-anglický slovník

Salvato in:
Dettagli Bibliografici
Autore principale: Fronek, Josef
Natura: Libro
Lingua:inglese
ceco
Pubblicazione: Voznice LEDA 1999
Edizione:dot. 1. vyd.
Soggetti:
Tags: Aggiungi Tag
Nessun Tag, puoi essere il primo ad aggiungerne!!

MARC

LEADER 00000nam a2200000 4500
001 c115536
005 20221123132520.1
020 |a 80-85927-48-9 
041 0 |a eng 
041 0 |a cze 
044 |a CZ 
245 1 0 |a Anglicko-český, česko-anglický slovník  |c Josef Fronek 
250 |a dot. 1. vyd. 
264 1 |a Voznice  |b LEDA  |c 1999 
300 |a 1277 s. 
610 2 0 |a jazykoveda 
610 2 0 |a jazyky cudzie 
610 2 0 |a angličtina 
610 2 0 |a čeština 
100 1 |a Fronek, Josef